Представление документа в формате RUSMARC

ПолеНазваниеЗначение
  Тип записи a
  Библиографический уровень m
001 Контрольный номер RU/CBS_UL/BASE/551956707
005 Дата корректировки 20240209174731.2
010 Индекс ISBN __
a ISBN 978-5-00087-100-3
b Уточнения в пер.
d Цена 200 р. 00 к.
9 Тираж 1 000 экз.
100 Данные общей обработки __
a Данные общей обработки 20170628d2017 ||| 0rusy0189 ca
101 Язык документа 0_
a Язык текста rus
102 Страна публикации __
a Страна публикации RU
105 Кодированные данные (монография) __
a Кодированные данные (монография) y###||||000|y
200 Заглавие и сведения об ответственности 1_
a Заглавие Безумие
b Общее обозначение материала Текст
f Первые сведения об ответственности К. Терзийски
g Последующие сведения об ответственности пер. М. Ширяевой
210 Выходные данные 0_
a Место издания Москва
c Издательство Центр книги Рудомино
d Дата издания 2016
215 Физическое описание __
a Объем 301, [2] с.
d Формат 20,5 см.
225 Серия 0_
a Серия Новый болгарский роман
300 Общие примечания __
a Общие примечания Ограничения по возрасту - 12+
300 Общие примечания __
a Общие примечания В дар от ВГБИЛ им. М. И.Рудомино
606 Тематические рубрики 0_
a Основная рубрика Болгарская литература, 20-21 вв. - Проза
610 Ключевые слова 0_
a Ключевые слова литература болгарская
a Ключевые слова проза современная
a Ключевые слова проза зарубежная
a Ключевые слова романы современные
a Ключевые слова романы о врачах
a Ключевые слова психиатры
a Ключевые слова пациенты
686 Индексы других классификаций __
a Классификационный индекс 84(4Бол)
2 Код системы ББК
700 Автор _1
a Фамилия Терзийски
b Имя (инициалы) Калин
g Полное личное имя К.
801 Источник записи _0
a Страна RU
b Организация МБУК ЦБС
c Дата составления 20170628
g Правила каталогизации RCR
801 Источник записи _1
a Страна RU
b Организация МБУК ЦБС г. Ульяновска
c Дата составления 20170628
g Правила каталогизации RCR
899 Данные о местонахождении __
i Авторский знак Т 35
j Расстановочный фильтр И(Болг)
901 Тип документа __
t Тип документа m
910 Корректоры записи __
a Корректор записи Мазина